| 000 | 01007cam a22003137a 4500 | ||
|---|---|---|---|
| 003 | CHAP | ||
| 005 | 20220329141735.0 | ||
| 008 | 971013s1983 r 00010 d | ||
| 010 | _a73142 | ||
| 011 | _a74114 | ||
| 035 | _a83672 | ||
| 040 | _cCHAP | ||
| 082 |
_a509 _bB3y |
||
| 100 | 0 | 0 |
_aBar-Hillel, Y . _910022 |
| 245 | 1 | 3 |
_aEl pensamiento científico _b: conceptos, avances y métodos |
| 260 |
_aMadrid : _bTecnos, _c1983 |
||
| 300 |
_a265 p. _b: ilus. |
||
| 490 | 0 | _aTecnos. Cuadernos de filosofía y ensayo | |
| 590 |
_aBATCH-UPD _b10 _c20130110 _lUCH01 _h0423 |
||
| 590 |
_aBATCH-UPD _b10 _c20130410 _lUCH01 _h0058 |
||
| 590 |
_aBATCH-UPD _b10 _c20130914 _lUCH01 _h0535 |
||
| 590 |
_aCONVERSION _b10 _c20130109 _lUCH01 _h1340 |
||
| 650 | 1 | 4 |
_aCiencia _xFilosofía. _923124 |
| 650 | 1 | 4 |
_aCiencia _xHistoria. _923125 |
| 830 | 0 |
_aTecnos. Cuadernos de filosofía y ensayo _9111972 |
|
| 901 | _aBK | ||
| 942 | _cLIBRO | ||
| 949 |
_a509 B3y _bBC _cLIBRO _d33724000891040 _eLIBRO _gI. 130606 _h69353 _i83672 _si _t6.72 |
||
| 999 |
_c73142 _d73142 |
||